Tous les joueurs du Bayern Munich depuis 2010 - Statistiques

Statistiques générales
  • Ce quiz a été pris 271 fois
    50 depuis la dernière actualisation
  • Le résultat moyen est 51 sur 135
Statistiques - réponses
Poste Nationalité Saison(s) Réponse % Correct
Gardien Allemagne 2011- Manuel Neuer
98%
Défenseur France 2021- Dayot Upamecano
85%
Attaquant Pologne 2014-2022 Robert Lewandowski
85%
Milieu France 2007-2019 Franck Ribéry
83%
Attaquant Angleterre 2023- Harry Kane
83%
Défenseur Canada 2019- Alphonso Davies
80%
Défenseur Allemagne 2011-2021 Jérôme Boateng
80%
Milieu Allemagne 2015- Joshua Kimmich
80%
Milieu Allemagne 2008-2025 Thomas Müller
80%
Milieu Pays-Bas 2009-2019 Arjen Robben
78%
Défenseur France 2019-2023 Benjamin Pavard
78%
Défenseur Autriche 2010-2021 David Alaba
78%
Milieu France 2015-2025 Kingsley Coman
78%
Défenseur France 2019-2023 Lucas Hernandez
78%
Milieu/attaquant France 2024- Michael Olise
76%
Milieu Allemagne 2018- Leon Goretzka
74%
Attaquant Senegal 2022-2023 Sadio Mané
74%
Milieu Allemagne 2017- Serge Gnabry
74%
Gardien Allemagne 2015-20202021- Sven Ulreich
74%
Milieu Espagne 2013-2020 Thiago Alcántara
74%
Défenseur Allemagne 2002-2017 Philipp Lahm
72%
Milieu Allemagne 2020-2025 Leroy Sané
70%
Défenseur Allemagne 2016-2019 Mats Hummels
70%
Défenseur Portugal 2023- Raphaël Guerreiro
70%
Milieu Allemagne 2007-2014 Toni Kroos
70%
Défenseur Sénégal 2020- Bouna Sarr
65%
Attaquant Cameroun 2020- Eric Maxim Choupo-Moting
65%
Milieu Espagne 2012-2021 Javi Martinez
65%
Défenseur Pays-Bas 2022-2024 Matthijs de Ligt
65%
Milieu Chili 2015-2018 Arturo Vidal
63%
Défenseur Corée du sud 2023- Kim Min-jae
63%
Gardien Suisse 2022-2023 Yann Sommer
63%
Défenseur Brésil 2012-2015 Dante
61%
Milieu Autriche 2023- Konrad Laimer
61%
Défenseur Maroc 2022-2024 Noussair Mazraoui
61%
Milieu France 2017-2022 Corentin Tolisso
59%
Milieu Allemagne 2020- Jamal Musiala
59%
Milieu//attaquant Colombie 2025- Luis Diaz
59%
Milieu Allemagne 2013-2016 Mario Götze
59%
Milieu Colombie 2017-2019 James Rodriguez
57%
Milieu Allemagne 2002-2015 Bastian Schweinsteiger
54%
Défenseur France 2024- Sacha Boey
54%
Défenseur Croatie 2020- Josip Stanišić
52%
Attaquant Allemagne 2009-2013 Mario Gomez
52%
Milieu Allemagne 2023- Aleksandar Pavlovic
50%
Attaquant Croatie 2012-2014 Mario Mandžukić
50%
Attaquant France 2022-2025 Mathys Tel
50%
Attaquant Allemagne 2007-2011 Miroslav Klose
50%
Défenseur Allemagne 2017-2022 Niklas Süle
50%
Milieu Brésil 2018-2019 Philippe Coutinho
50%
Milieu Autriche 2021-2023 Marcel Sabitzer
48%
Défenseur Brésil 2011-2019 Rafinha
48%
Milieu Espagne 2014-2017 Xabi Alonso
48%
Attaquant Pérou 2001-20072012-2015 Claudio Pizarro
46%
Milieu Croatie 2019-2020 Ivan Perišić
46%
Défenseur Allemagne 2025- Jonathan Tah
46%
Milieu Suisse 2012-2015 Xherdan Shaqiri
46%
Gardien Allemagne 2020- Alexander Nübel
41%
Milieu Brésil 2015-2018 Douglas Costa
41%
Milieu Allemagne 2012-2013 Emre Can
41%
Gardien Allemagne 2025- Jonas Urbig
41%
Défenseur Espagne 2014-2018 Juan Bernat
41%
Défenseur Maroc 2014-2016 Mehdi Benatia
41%
Milieu Brésil 2011-2013 Luiz Gustavo
39%
Milieu France 2019-2022 Michael Cuisance
39%
Milieu Allemagne 2023- Arijon Ibrahimović
37%
Défenseur Belgique 2006-2014 Daniel Van Buyten
37%
Défenseur Angleterre 2024-2025 Eric Dier
37%
Milieu Portugal 2016-2019 Renato Sanches
37%
Gardien Israël 2023- Daniel Peretz
35%
Défenseur Allemagne 2009-2017 Holger Badstuber
35%
Milieu Portugal 2024- João Palhinha
33%
Gardien Espagne 2014-2015 Pepe Reina
33%
Milieu Allemagne 2022-2023 Ryan Gravenberch
30%
Attaquant Croatie 2009-2013 Ivica Olic
28%
Défenseur Argentine 2003-2011 Martin Demichelis
28%
Milieu Allemagne 2025- Tom Bischof
28%
Milieu Turquie 2007-2011 Hamit Altıntop
26%
Défenseur Portugal 2022-2023 João Cancelo
24%
Attaquant Pays-Bas 2019-2022 Joshua Zirkzee
24%
Gardien Allemagne 2008-2012 Hans-Jörg Butt
22%
Milieu Pays-Bas 2006-2011 Mark van Bommel
22%
Milieu Danemark 2013-2016 Pierre-Emile Højbjerg
22%
Milieu Ukraine 2009-2013 Anatoliy Tymoshchuk
20%
Attaquant Suède 2025- Jonah Kusi-Asare
20%
Milieu Espagne 2020-2022 Marc Roca
20%
Attaquant Allemagne 2007-20082018-2019 Sandro Wagner
20%
Défenseur France 2020-2022 Tanguy Kouassi
20%
Défenseur Espagne 2019-2020 Alvaro Odriozola
17%
Défenseur Maroc 2024-2025 Adam Aznou
15%
Milieu Espagne 2024- Bryan Zaragoza
15%
Défenseur États-Unis 2020-2022 Chris Richards
15%
Défenseur Pays-Bas 2022-2023 Daley Blind
15%
Défenseur Allemagne 2009-2014 Diego Contento
15%
Milieu Allemagne 2021-2024 Malik Tillman
15%
Gardien Allemagne 2012-2018 Tom Starke
15%
Attaquant Allemagne 2019-2021 Jann-Fiete Arp
13%
Milieu Croatie 2024- Lovro Zvonarek
13%
Milieu Allemagne 2017-2018 Sebastian Rudy
13%
Milieu Croatie 2009-2012 Danijel Pranjić
11%
Milieu Autriche 2022-2025 Paul Wanner
11%
Milieu Allemagne 2014-2016 Sebastian Rode
11%
Gardien Allemagne 2008-2011 Thomas Kraft
11%
Gardien Allemagne 2017-2022 Christian Früchtl
9%
Défenseur Allemagne 2023-2025 Frans Krätzig
9%
Milieu Croatie 2022- Gabriel Vidović
9%
Milieu Allemagne 2014-2017 Gianluca Gaudino
9%
Attaquant États-Unis 2013-2016 Julian Green
9%
Défenseur Allemagne 2018-2022 Lars Lukas Mai
9%
Attaquant Allemagne 2019-2021 Leon Dajaku
9%
Attaquant Allemagne 2011-2013 Nils Petersen
9%
Milieu Allemagne 2019-2021 Oliver Batista Meier
9%
Milieu Nouvelle Zélande 2019-2023 Sarpreet Singh
9%
Milieu Japon 2011-2012 Takashi Usami
9%
Milieu Portugal 2020-2021 Tiago Dantas
9%
Défenseur Allemagne 2020-2023 Bright Arrey-Mbi
7%
Défenseur Pays-Bas 2009-2010 Edson Braafheid
7%
Défenseur Allemagne 2013-2016 Jan Kirchhoff
7%
Défenseur Autriche 2017-2019 Marco Friedl
7%
Défenseur Allemagne 2012-2015 Mitchell Weiser
7%
Milieu Allemagne 2016-2018 Niklas Dorsch
7%
Défenseur Brésil 2008-2012 Breno
4%
Milieu Lettonie 2020-2021 Daniels Ontužāns
4%
Attaquant Cameroun 2018-2020 Franck Evina
4%
Milieu Corée du sud 2018-2019 Jeong Woo-yeong
4%
Gardien Allemagne 2013-2014 Lukas Raeder
4%
Milieu Allemagne 2018-2019 Meritan Shabani
4%
Milieu Serbie 2015-2019 Miloš Pantović
4%
Défenseur Allemagne 2015-2016 Serdar Taşçı
4%
Milieu États-Unis 2021-2022 Taylor Booth
4%
Milieu Allemagne 2020-2022 Christopher Scott
2%
Attaquant Ghana 2017-2020 Kwasi Okyere Wriedt
2%
Attaquant Allemagne 2014-2015 Lukas Görtler
2%
Milieu Allemagne 2014-2015 Rico Strieder
2%
Défenseur Autriche 2013-2014 Ylli Sallahi
2%
Aucun quiz correspondant
Distribution des résultats
% des personnes avec chaque résultat
Percentile par nombre de réponses
Votre historique - résultats
Vous n’avez pas pris ce quiz depuis la dernière actualisation